000 01122nam0a2200289 4500
001 RU\NLR\bibl\833640
005 20250614142522.0
010 _a5-9524-1675-6
_96000
021 _aRU
_b2005-39704
_91978
035 _a(NLR Aleph) 000822496
090 _a1310040
_c1310040
100 _a20050823d2005 |||y0rusy50 ca
101 1 _arus
_ceng
102 _aRU
105 _ay |||||||||
200 1 _aКлеопатра
_iПоследняя из Птолемеев
_fМайкл Грант
_g[пер. с англ. Л.А. Игоревского]
210 _aМосква
_cЦентрполиграф
_d2005
215 _a348,[1] с.
_d17
225 1 _aNomen est omen
600 0 _aКлеопатра
_cцарица египетская
_f69 - 30 до н.э.
_xв художественной литературе
_92098515
_3RU\NLR\auth\661269454
686 _aШ6(7США)67-443{Лх1979-53}
700 1 _4070
_7ca
_8rus
_aГрант
_bМ.
_cисторик
_f1914-2004
_gМайкл
_9205478
_3RU\NLR\AUTH\770205530
801 0 _aRU
_bNLR
_c20050823
_grcr
801 1 _aRU
_bNLR
_c20050823
942 _cBOOK
980 _aNB